[Event "IV Festival A"]
[Site "Codogno ITA"]
[Date "2012.09.23"]
[Round "5"]
[White "Gozzini, Giambattista"]
[Black "Marcori, Mirko"]
[WhiteElo "1865"]
[BlackElo "1804"]
[Result "1-0"]
[PlyCount "116"]
[EventDate "2012.09.21"]

1. e4 b6 2. d4 Bb7 3. f3 e6 4. Bd3 c5 5. Ne2 cxd4 6. Nxd4 Bc5 7. Nb3 Qh4+ 8. g3
Qh3 9. Bf1 Qh5 10. Nc3 Bb4 11. Bd2 Bd6 12. Bg2 Ba6 13. Be3 Bb4 14. Qd4 Bxc3+
15. Qxc3 Nf6 16. O-O-O Nc6 17. g4 Qe5 18. Qd2 Qc7 19. h4 Rc8 20. h5 h6 21. Bf4
e5 22. Be3 Bc4 23. Kb1 Bxb3 24. cxb3 Rd8 25. g5 Ng8 26. f4 hxg5 27. fxg5 d6 28.
Rc1 Nge7 29. Bf1 Qb7 30. Bb5 a6 31. Bxc6+ Nxc6 32. Qd5 Na5 33. Qxb7 Nxb7 34.
Bxb6 Rd7 35. h6 gxh6 36. Rc8+ Nd8 37. Rxd8+ Rxd8 38. Bxd8 Kxd8 39. Rxh6 Rg8 40.
Rxd6+ Ke7 41. Rd2 Rxg5 42. Kc2 f5 43. exf5 Rxf5 44. Kd3 Ke6 45. Ke3 Rh5 46. Rf2
Rh3+ 47. Ke4 Rh4+ 48. Ke3 Rh3+ 49. Ke2 Kd5 50. b4 Rh6 51. Kd2 Rb6 52. Rf8 Rxb4
53. Rd8+ Ke4 54. Kc3 Rb6 55. b4 Re6 56. Kd2 Rf6 57. Ke2 Kf4 58. a4 Rb6 1-0

[Event "IV Festival A"]
[Site "Codogno ITA"]
[Date "2012.09.23"]
[Round "5"]
[White "Popovich, Fabio"]
[Black "D'Orta, Antonio"]
[WhiteElo "1832"]
[BlackElo "1938"]
[Result "1/2-1/2"]
[PlyCount "74"]
[EventDate "2012.09.21"]

1. e4 c6 2. d4 d5 3. exd5 cxd5 4. c4 e6 5. Nc3 Nf6 6. Nf3 Nc6 7. Bd3 Bd6 8. O-O
dxc4 9. Bxc4 a6 10. Bg5 b5 11. Bb3 O-O 12. d5 Na5 13. dxe6 Bxe6 14. Bxe6 fxe6
15. Ne4 Be7 16. Qe2 Qd5 17. Rad1 Qc4 18. Qxc4 Nxc4 19. b3 Nb2 20. Nxf6+ gxf6
21. Rd7 Ba3 22. Bh6 Rf7 23. Rd2 Rc7 24. Rb1 Rac8 25. g3 Rc1+ 26. Rxc1 Rxc1+ 27.
Kg2 Rd1 28. Rc2 Nd3 29. Rc7 Bc1 30. Bg7 Bb2 31. Bh6 Ra1 32. Rg7+ Kh8 33. Re7
Kg8 34. Rxe6 Rxa2 35. Re2 a5 36. Rc2 a4 37. bxa4 bxa4 1/2-1/2

[Event "IV Festival A"]
[Site "Codogno ITA"]
[Date "2012.09.23"]
[Round "5"]
[White "Regorda, Vittorio"]
[Black "Bonoldi, Fabio"]
[WhiteElo "1828"]
[BlackElo "1851"]
[Result "0-1"]
[PlyCount "86"]
[EventDate "2012.09.21"]

1. d4 d6 2. g3 g6 3. c4 Bg7 4. Bg2 c6 5. Nc3 Nf6 6. h3 O-O 7. Nf3 Nbd7 8. O-O
Qc7 9. e3 e5 10. Rb1 Nb6 11. b3 Bf5 12. Ra1 exd4 13. exd4 d5 14. c5 Nc8 15. g4
Bd7 16. Ne5 b6 17. Na4 Be8 18. Bf4 Qb7 19. Qd2 Nd7 20. cxb6 axb6 21. Rac1 Nxe5
22. dxe5 Ne7 23. Bh6 c5 24. Bxg7 Kxg7 25. Nc3 Bc6 26. Qg5 Ng8 27. Rfe1 f6 28.
exf6+ Nxf6 29. Re6 h6 30. Qe3 Rae8 31. Qe5 Rxe6 32. Qxe6 Re8 33. Qd6 Re7 34.
Rd1 Ne8 35. Qg3 d4 36. Bxc6 Qxc6 37. Na4 Nf6 38. Qb8 b5 39. Nb2 Ne4 40. Qf4 Nc3
41. Rd2 Re1+ 42. Kh2 Rh1+ 43. Kg3 Ne4+ 0-1

[Event "IV Festival A"]
[Site "Codogno ITA"]
[Date "2012.09.23"]
[Round "5"]
[White "Sanchez, Joseph"]
[Black "Hainke, Guntram"]
[WhiteElo "2534"]
[BlackElo "2318"]
[Result "1-0"]
[PlyCount "51"]
[EventDate "2012.09.21"]

1. e4 e6 2. d4 d5 3. Nc3 Bb4 4. e5 c5 5. a3 Bxc3+ 6. bxc3 Ne7 7. Qg4 O-O 8. Bd3
Nbc6 9. Nf3 f5 10. Qf4 Qa5 11. Bd2 b6 12. h4 Ba6 13. Bxa6 Qxa6 14. h5 h6 15.
Rh3 Kh7 16. Rg3 Ng8 17. Ng5+ hxg5 18. Qxg5 Qb7 19. Qg6+ Kh8 20. h6 Rf7 21.
O-O-O Nxh6 22. Bxh6 gxh6 23. Qxh6+ Rh7 24. Qf6+ Rg7 25. Rh1+ Kg8 26. Qxe6+ 1-0

[Event "IV Festival A"]
[Site "Codogno ITA"]
[Date "2012.09.23"]
[Round "5"]
[White "Stella, Andrea"]
[Black "De Palma, Fabrizio"]
[WhiteElo "2456"]
[BlackElo "2108"]
[Result "1/2-1/2"]
[PlyCount "52"]
[EventDate "2012.09.21"]

1. Nf3 Nf6 2. c4 c5 3. Nc3 d5 4. cxd5 Nxd5 5. g3 Nc6 6. Bg2 Nc7 7. O-O e5 8. a3
f6 9. e3 Be7 10. Qc2 Be6 11. Rd1 c4 12. d4 cxd3 13. Rxd3 Qc8 14. b4 O-O 15. Rd1
Qe8 16. Bb2 Qf7 17. Nd2 Rac8 18. Qd3 Rfd8 19. Qe2 Nd5 20. Rac1 Nb6 21. Ba1 Bf8
22. Nce4 Nd7 23. Bb2 Kh8 24. h4 h6 25. Kh2 f5 26. Nc3 Nf6 1/2-1/2